Charakteristika dynamických stochastických modelov všeobecnej rovnováhy

Dynamické stochastické modely všeobecnej rovnováhy ako významný nástroj makroekonomického modelovania. Všeobecná charakteristika týchto modelov a ich využitie. Analýza obchodných cyklov, fiškálnej, či monetárnej politiky.

Gespeichert in:
Bibliographische Detailangaben
1. Verfasser: Benkovič, Martin
Format: Buchkapitel
Sprache:Slowakisch
Schlagworte:
Tags: Tag hinzufügen
Keine Tags, Fügen Sie das erste Tag hinzu!

MARC

LEADER 00000nla a2200000 4500
001 0203868
005 20240502073414.8
041 0 |a slo 
044 |a SK 
245 1 0 |a Charakteristika dynamických stochastických modelov všeobecnej rovnováhy  |c Martin Benkovič 
520 |a Dynamické stochastické modely všeobecnej rovnováhy ako významný nástroj makroekonomického modelovania. Všeobecná charakteristika týchto modelov a ich využitie. Analýza obchodných cyklov, fiškálnej, či monetárnej politiky. 
610 2 0 |a modely stochastické 
610 2 0 |a modelovanie ekonometrické 
610 2 0 |a modely makroekonomické 
610 2 0 |a teória modelov ekonomicko-matematických 
100 1 |a Benkovič, Martin